| 000 | 01903nam a22002177a 4500 | ||
|---|---|---|---|
| 999 |
_c60246 _d60246 |
||
| 003 | Ge_BSU | ||
| 005 | 20230622102616.0 | ||
| 008 | 230621s2017 ge ||||| |||| 00| 0 geo d | ||
| 020 | _a9789941276378 | ||
| 041 | _ageo | ||
| 080 | _a338.48:008(479.22) კ-89 | ||
| 245 |
_aკულტურული მარშრუტების მართვა: თეორიიდან პრაქტიკამდე : _bევროსაბჭოს კულტურული მარშრუტების თანმიმდევრული გზამკვლევი / _c თარგმანი ნინო გაბუნია ; ქართული თარგმანის რედაქტორი ნიკოლოზ ანთიძე ; წინასიტყვაობა გაბრიელა ბატაინი-დრაგონი. |
||
| 264 |
_aთბილისი : _bსაქ. კულტურისა და ძეგლთა დაცვის სამინისტრო, _c2017. |
||
| 300 |
_a224 გვ. : _bსურ. ; _c29 სმ. |
||
| 500 | _aსახელმძღვანელო დაფინანსდა კულტურული მარშრუტების შესახებ ევროკომისიის/ევროსაბჭოს მესამე ერთობლივი პროგრამის მიერ | ||
| 653 | _aკულტურული მარშრუტები საქართველოში | ||
| 700 |
_aგაბუნია, ნინო _eმთარგმნელი _97649 |
||
| 700 |
_aანთიძე, ნიკოლოზ _eრედაქტორი _917652 |
||
| 700 |
_aბატაინი-დრაგონი, გაბრიელა _eწინასიტყვაობის ავტორი. _918874 |
||
| 942 |
_2udc _cBK |
||